| 000 -LEADER |
| fixed length control field |
00623nam a22002057a 4500 |
| 005 - DATE AND TIME OF LATEST TRANSACTION |
| control field |
20140313092433.0 |
| 008 - FIXED-LENGTH DATA ELEMENTS--GENERAL INFORMATION |
| fixed length control field |
140313b xxu||||| |||| 00| 0 eng d |
| 020 ## - INTERNATIONAL STANDARD BOOK NUMBER |
| International Standard Book Number |
0072937300 |
| 080 ## - UNIVERSAL DECIMAL CLASSIFICATION NUMBER |
| Universal Decimal Classification number |
514.11 |
| 100 ## - Rafti |
| Rafti |
Smith T. Robert |
| 245 ## - TITLE STATEMENT |
| Title |
Calculus/ |
| Statement of responsibility, etc |
Robert T.Smith , Roland B.Minton; |
| 250 ## - |
| -- |
2 st.ed.; |
| 260 ## - |
| -- |
Boston, |
| -- |
McGraw Hill |
| -- |
2002, |
| 300 ## - |
| -- |
[854] f.: |
| -- |
me il.; |
| -- |
26 cm, |
| 500 ## - |
| -- |
Përfshin Bibliografin dhe indeksin f. [834]-850 |
| 650 ## - |
| -- |
Gjeometria elementare, Trigonomietria, Algjeber, |
| 650 ## - |
| -- |
Matematikë, |
| 700 ## - |
| -- |
Minton B. Roland |
| 942 ## - ADDED ENTRY ELEMENTS (KOHA) |
| Source of classification or shelving scheme |
|
| Item type |
Books |